LDR 00764naa#a2200229#i#450# 001 EN\\bibl\110603 005 20260415225349.3 011 ## _a2311-1402 100 ## _a20250325b2025####ek#y0engy0150####ca 101 0# _aRUS 102 ## _aRU 200 1# _aAnatomical, morphological and biochemical characteristics of pinus sylvestris l. On the talc-magnezite deposit damps _eJournal article 210 1# _aNizhnevartovsk _cNizhnevartovsk State University _d2025 215 ## _a9 с. 608 ## _aJournal article _2local 675 ## _a. 631.531:504.064.2 _zRUS 700 #1 _aChukina _gNadezhda Vladimirovna 700 #1 _aLukina _gNataliya Valentinovna 700 #1 _aFilimonova _gElena I. 700 #1 _aGlazyrina _gMargarita A. 700 #1 _aUchaev _gAnton P. 856 4# _afilvestnik.nvsu.ru _u